000 00784nam a22002057a 4500
999 _c11107
_d11107
003 AR-CdUCM
008 190401b ||||| |||| 00| 0 spa d
020 _a9972-876-00-4
040 _aMUNICIPALIDAD PROVINCIAL DEL CUSCO
_cBIBLIOTECA MUNICIPAL DEL CUSCO
082 _aEP / 372.510 /
_bM16
110 _aFondo editorial navarrete
_911579
245 _aLa magia de los números :
_bLógico matemática 2 /
260 _aLima :
_bFondo editorial navarrete,
300 _a159 paginas ;
_c28 cm.
505 _aContenido :Adiós a las vacaciones -- El hogar donde vivimos -- Nuestra fiesta nacional -- Las costumbres y el folclor -- Los medios de transporte ...
650 _aEducación primaria
_91561
650 _aCiencias aplicadas
_920077
942 _2ddc
_cLIBROS
945 _arum